000
00313cam a2200121ua 4500
082
_a
621.8
_b
ZIN/TH
100
_a
Zinoviev, V L A .
_9
1754
245
_a
Theory of Mechanisms and Machines /
250
_a
1 /
260
_a
Moscow :
_b
The Higher School Publishing House ,
_c
1980.
300
_a
238 ; .
942
_c
BK
999
_c
5482
_d
5482